000 002610000a22000970004500
100 1 _aRoberts, W. Dayton
245 1 0 _aAmérica Latina en la década de los ochenta
300 _aVol. 1, no. 1 (mar.- jun.1982), p. 8-12
773 0 _tIglesia y Misión
942 _cANA
999 _c51273
_d51273